000 00850nam a2200289Ia 4500
001 F6073
003 IT-RoPAU
008 130308s9999 xx 000 0 und d
040 _aIT-RoPAU
040 _cIT-RoPAU
041 _aITALIANO
100 _aRaffaelli Luca
100 _gCodice Aut. SPICS: 31530
245 _aAllegro non troppo. breve storia dell'animazione in Italia
245 _bAnimania: 100 Anni di Esperimenti nel Cinema D'Animazione
250 _a1a ed.
260 _aMILANO
260 _bIl Castoro
260 _c1998 [1° Ed.:1998 - Ed.Ling.Originale:1998]
300 _a"8 p. (prefazione: no ; testo: 8 [pagine: 73-80])"
500 _aSperimentali. cartoni D'Autore. prospettive Seriali.
650 _aGENERI CINEMATOGRAFICI
650 _eCodice materia Spics: 6810
942 _cBK
957 _71
999 _c83603
_d83603
999 _g1